000 00731nam a2200253 i 4500
001 13829
003 ES-MaACL
005 20250805062542.0
007 t|
008 980709s1977 fr ||||1| fre d
020 _a2-02-009175-5
080 _a321.01
080 _a316.62
100 1 _aCastoriadis, Cornelius.
_936798
245 1 0 _aDomaines de l'homme
_b: les carrefours du labyrinthe II /
_cCornelius Castoriadis.
260 _aParis :
_bEditions du Seuil,
_c[1977]
300 _a455 p. ;
_c21 cm.
490 1 _aEmpreintes
650 4 _aPolĂ­tica-
_xFilosofĂ­a
_916274
650 1 4 _aIndividuo y sociedad.
_9178816
830 0 _aEmpreintes
_9228468
852 _aES-MaACL
_jL-21116
_bR.113551
999 _c13829
_d13829